[Event "Spring Chess Classic-A 2022"]
[Site "Saint Louis"]
[Date "2022.03.10"]
[Round "9.6"]
[White "Xiong, Jeffery"]
[Black "Sevian, Samuel"]
[Result "1/2-1/2"]
[WhiteElo "2686"]
[BlackElo "2684"]
[Annotator "TA"]
[PlyCount "125"]
[EventDate "2022.03.02"]
[EventType "tourn"]
[EventCountry "USA"]
[SourceTitle "playchess.com"]
[Source "ChessBase"]
[SourceQuality "1"]

{[%evp 9,125,-4,-3,0,7,0,0,0,0,0,0,14,16,16,12,14,0,0,35,10,12,9,16,8,89,98,80,86,78,66,68,64,74,0,41,0,88,98,90,93,91,92,93,96,110,100,103,101,104,101,93,93,107,97,108,99,109,90,85,43,43,43,43,43,49,54,58,22,44,51,98,0,8,12,15,0,13,0,0,0,0,0,0,0,7,0,0,0,72,10,72,0,72,0,72,72,72,0,72,0,72,10,71,71,167,71,71,0,0,0,0,0,0,0,0,0,0,0]} 1. c4 e5 2. d3 Nf6 3. Nf3 Nc6 4. a3 d5 5. cxd5 Nxd5 6. e4 {A20: English Opening: 1...e5.} Nf6 7. Qc2 Bg4 8. Nbd2 a5 {[#]} 9. h3 $146 ({Predecessor:} 9. b3 Nd7 10. Bb2 Qf6 11. Be2 Bc5 12. O-O O-O 13. h3 Bxf3 14. Nxf3 Qd6 15. Rfd1 {0-1 (34) Zhou,J (2597)-Panchanathan,M (2541) Arlington 2015}) 9... Be6 10. Nc4 Nd7 11. Be3 {Inhibits Nd4.} Be7 12. Be2 O-O 13. O-O a4 14. d4 exd4 15. Bxd4 Bf6 16. Be3 Bxc4 (16... Qe7 $11) 17. Bxc4 $16 Nde5 18. Nxe5 Bxe5 19. Rae1 Nd4 20. Qc1 Nb3 21. Qc2 (21. Bxb3 $5 axb3 22. f4 $14) 21... Nd4 22. Qc1 (22. Qd3 $14 {should be considered.} Ne6 23. Qc2) 22... Nb3 23. Bxb3 axb3 24. f4 Bd4 25. Rd1 {[%cal Be1d1,Bd1d3,Bd3b3,Bb3b6][%mdl 32]} Ra4 26. Rd3 Qf6 27. Bxd4 ({Resist} 27. Rxb3 Qe6 28. Qc2 Rc4 $14) 27... Rxd4 28. Rxb3 Rxe4 29. Qxc7 Re7 30. Qb6 {White is more active.} Qxb6+ 31. Rxb6 {[%mdl 4096] Endgame KRR-KRR} Rd8 32. Rf2 {To avoid Rd2} Rd4 33. b3 h5 34. h4 ({White should try} 34. a4 $16) 34... Kh7 $14 35. a4 {[%cal Ba3a4,Ba4a5][%mdl 32]} f6 36. Rb5 Kh6 37. a5 Rc7 38. b4 Re7 39. Kh2 Rc4 (39... Rdd7 $14) 40. g3 (40. Kg3 $16) 40... Rd4 41. Rb2 Rd3 42. Rc5 Ra3 43. f5 Ree3 44. Rg2 Re7 {Inhibits Rc7.} 45. Rgc2 Ree3 46. Rg2 Re7 {To avoid Rc7} 47. Rd2 Kh7 48. Rb5 Rb3 (48... Ree3 $11) 49. Rb6 (49. Kh3 $16) 49... Rc7 (49... Rf3 $1 $11) 50. Kg2 (50. Ra2 $16) 50... Re7 {[#]} (50... Rcc3 $11 {remains equal.}) 51. Rb5 (51. Kh3 $1 $16) 51... Rb1 (51... Ree3 $11 {keeps the balance.}) 52. Kf2 $16 Rh1 {White must now prevent ...Rh2+.} 53. Kg2 {Inhibits Rh2+.} Rb1 54. Kf2 Rh1 $1 {Strongly threatening ...Rh2+.} 55. Rbd5 (55. Rd3 $16) 55... Rb1 (55... Re4 $1 $11) 56. b5 Re4 {[#]} (56... Ra1 $16) 57. b6 ({Not} 57. a6 bxa6 58. Kf3 (58. bxa6 Ra4 $11) 58... Ra4 $11) (57. Ra2 $1 $18 {is more deadly.}) 57... Ra4 58. Kg2 (58. R2d3 $16) 58... Rb3 $11 {The position is equal.} 59. Kh2 Raa3 60. Rg2 Kh6 61. Rd8 {[%cal Rd8h8]} Kh7 {Prevents Rh8+.} 62. Rd5 Kh6 63. Rd8 {Weighted Error Value: White=0.20 (precise) /Black=0.16 (very precise)} 1/2-1/2

[Event "Spring Chess Classic-A 2022"]
[Site "Saint Louis"]
[Date "2022.03.10"]
[Round "9.7"]
[White "Antipov, Mikhail Al."]
[Black "Dragun, Kamil"]
[Result "0-1"]
[WhiteElo "2615"]
[BlackElo "2590"]
[Annotator "TA"]
[PlyCount "132"]
[EventDate "2022.03.02"]
[EventType "tourn"]
[EventCountry "USA"]
[SourceTitle "playchess.com"]
[Source "ChessBase"]
[SourceQuality "1"]

{[%evp 23,132,37,35,26,52,48,72,68,86,47,47,53,45,30,36,32,36,16,24,0,24,26,41,50,40,45,47,44,60,62,89,97,89,86,112,57,57,44,44,36,44,36,47,58,60,55,44,60,87,100,110,110,97,0,70,64,58,46,70,0,0,0,25,9,18,0,0,-18,-10,-14,-25,-93,-84,-141,-99,-386,-390,-362,-236,-254,-247,-248,-123,-123,-126,-169,-169,-430,-401,-1085,-773,-750,-776,-746,-740,-734,-711,-3050,0,-486,0,-1922,-1525,-1483,-1511,-1187,-1069,-742,-704,-628,-606]} 1. Nf3 Nf6 2. g3 d5 3. Bg2 e6 4. O-O Be7 5. d4 O-O 6. c4 c6 7. Nbd2 b6 8. Qc2 Bb7 9. e4 Nbd7 10. e5 Ne8 11. cxd5 cxd5 12. Re1 Rc8 13. Qa4 {E09: Closed Catalan: Main Line: 7 Qc2 c6 8 Nbd2.} Qc7 14. Bf1 (14. Qxa7 $2 Ra8 15. Qxa8 Bxa8 $19) 14... a5 {[#]} 15. Nb1 $146 {White is better.} ({Predecessor:} 15. Bd3 Nb8 16. a3 Qc6 17. Qd1 Ba6 18. Bb1 Nd7 19. Nf1 f6 20. exf6 Bxf6 21. h4 g6 22. g4 Bg7 23. N1h2 Nef6 {½-½ (23) Berczes,D (2555)-Saric,A (2497) Zadar 2011}) 15... Nb8 {[%cal Bd7b8,Bb8a6,Ba6b4,Bb4c6][%mdl 32]} 16. Nc3 Ba6 17. Bxa6 Nxa6 18. Bg5 (18. h4 {with more complications.} Qb7 19. Bg5 Bb4 20. Qc2 Rc4 21. a3) 18... Bxg5 19. Nxg5 h6 20. Nh3 Qc4 21. Qd1 Nb4 22. Re3 Nc6 23. Ne2 Ne7 24. Rc3 Qa6 25. Rac1 Rxc3 26. Rxc3 g6 27. g4 b5 28. Nhf4 Ng7 {[#]} 29. Rc7 (29. Rh3 $1 $16 {[%cal Rh3h6]}) 29... Nc6 $14 {Strongly threatening ...Ne8.} 30. Qc2 Rc8 31. Rxc8+ Qxc8 32. Qc5 b4 33. Qb6 Ne8 34. Nd3 Qc7 35. Qb5 Ng7 36. Nc5 Na7 37. Qa6 Nc6 {[%cal Oc6e5]} 38. Qb5 (38. Qa8+ {feels hotter.} Kh7 39. Qf8 Nd8 40. h3 Nc6 41. Kf1) 38... Na7 $1 39. Qd3 Qc6 40. Qe3 Qb5 41. a4 (41. Kf1 $14) 41... bxa3 $1 $11 42. bxa3 Ne8 (42... Nc6 {seems wilder.} 43. Nd7 Ne8 44. Qxh6 Qxe2 45. Qf8+ Kh7) 43. a4 Qc4 44. Kg2 Nc6 {[%cal Oc6d4]} 45. Kg3 {[#]} Nxd4 $1 46. Qxd4 Qxe2 47. Nb7 (47. Nd7 $11 Qc2 48. Qc5 Qxc5 49. Nxc5) 47... Qa6 (47... Qe1 {keeps more tension.} 48. Kf3 Qh1+ 49. Ke2 Qb1 50. Nxa5 Ng7) 48. Qb2 (48. Nc5 $142 Qb6 49. Qc3) 48... Qc6 (48... Qd3+ $142 49. f3 Qd1) 49. f3 $2 {[%mdl 8192]} (49. Qb5 $17 {is the only way for White.} Qxb5 50. axb5) 49... Qxa4 $19 50. Qc3 Qd7 {To avoid Qc8} 51. Nxa5 Qa7 {White must now prevent ...Qg1+.} 52. Kg2 Nc7 (52... d4 $19 {has better winning chances.} 53. Qb4 Kg7) 53. Nc6 $17 Qb6 54. Ne7+ (54. Nd8 $17) 54... Kg7 $19 55. Nc8 $2 {[#]} (55. Qa3 {was the only defense.}) 55... d4 $1 {[%cal Bd5d4,Bd4d3][%mdl 32]} 56. Qa3 (56. Qd2 $142 Qc5 57. Nd6) 56... Qc6 57. Nd6 Qc2+ 58. Kg3 d3 59. Qb4 Qc1 {Threatens to win with ...g5.} (59... d2 60. Qf4 d1=Q 61. Qxf7+ Kh8 62. Qf6+ Kh7 63. Qf7+ Kh8 64. Qf6+ Kh7 65. Qf7+ Kh8 $11) 60. Kg2 Qc2+ ({Weaker is} 60... d2 61. Qf4 $11) (60... Qe3 $142 61. Nc4 Qd4) 61. Kg3 $1 Qc1 ({Worse is} 61... d2 62. Qf4 d1=Q 63. Qxf7+ Kh8 64. Qf6+ Kh7 65. Qf7+ Kh8 66. Qf6+ Kh7 67. Qf7+ Kh8 $11) (61... g5 $142 62. Ne4 Nd5) 62. Kg2 $1 g5 {( -> ...d2). Black is clearly winning.} ({Not} 62... d2 63. Qf4 $11) 63. Ne4 {Prevents d2.} Nd5 64. Qd2 Nf4+ 65. Kf2 Qh1 66. Ke3 Qa1 {Weighted Error Value: White=0.46/Black=0.26 (precise)} 0-1

[Event "Spring Chess Classic-A 2022"]
[Site "Saint Louis"]
[Date "2022.03.10"]
[Round "9.8"]
[White "Swiercz, Dariusz"]
[Black "Lenderman, Aleksandr"]
[Result "1-0"]
[WhiteElo "2656"]
[BlackElo "2600"]
[Annotator "TA"]
[PlyCount "99"]
[EventDate "2022.03.02"]
[EventType "tourn"]
[EventCountry "USA"]
[SourceTitle "playchess.com"]
[Source "ChessBase"]
[SourceQuality "1"]

{[%evp 9,98,11,12,10,16,15,13,8,12,-6,16,12,33,12,16,1,10,0,0,0,0,0,0,0,0,0,9,8,14,10,37,0,0,0,0,0,0,0,-5,-27,9,0,0,0,20,0,0,0,0,-28,-17,-18,-25,-22,-19,-28,0,0,0,-29,100,103,118,119,99,45,46,6,161,142,158,148,480,471,620,602,540,355,360,341,502,515,797,510,647,507,29996,29997,29997,29998,29999]} 1. e4 c5 2. Nf3 Nc6 3. Nc3 g6 4. Bb5 Bg7 5. O-O e5 6. a3 {B31: Sicilian: 2...Nc6 3 Bb5 g6.} Nge7 7. Bc4 O-O 8. d3 {The position is equal.} d6 9. Rb1 $5 {[%mdl 4] Exploring less charted territory.} h6 10. b4 Kh7 11. bxc5 dxc5 12. Nd5 b6 {[#]} 13. Nxe7 $1 $146 {[%mdl 8] An important novelty.} ({Predecessor:} 13. Re1 Be6 14. Nxe7 Qxe7 15. Bd5 Rac8 16. c4 Qd6 17. Bb2 Ne7 18. Bc3 Bd7 19. a4 {½-½ (39) Ni,H (2671)-Mamedov,R (2709) Riadh 2017}) 13... Qxe7 14. Bd5 Bd7 15. Re1 Rac8 16. Bd2 Qd6 17. c4 Ne7 18. Bc3 g5 19. Qc2 Ng6 20. g3 Ne7 21. Qb2 {[%cal Rf3e5]} f6 22. Nd2 Rce8 23. Re2 Rb8 24. Qc2 {[%cal Od3d4]} a6 {[%cal Ba7a6,Ba6a5,Ba5b4][%mdl 32]} (24... Bh3 {keeps more tension.} 25. a4 f5 26. exf5 Nxd5 27. Ne4 Qd7) 25. Ree1 Kh8 26. a4 Nc6 27. Qb3 a5 28. Nf1 Nb4 $1 29. Qd1 f5 $1 {Inhibits g4. Black wants to play ...f4.} 30. exf5 Bxf5 31. Bxb4 axb4 32. Ne3 Bd7 33. Be4 Qc7 34. Re2 g4 (34... Bc6 $11 {keeps the balance.}) 35. Ra2 $16 h5 36. h3 {[%cal Rh3g4]} Bh6 {[#]} 37. Nd5 (37. Qe2 $1 $16) 37... Qd8 $1 $14 38. hxg4 hxg4 (38... Bxg4 $11 {and Black stays safe.} 39. f3 Bd7) 39. Kg2 $18 Kg7 40. Qe2 Ra8 $2 {[%mdl 8192] This costs Black the game.} (40... Rf7 $16 {is a better chance.} 41. Rh1 Qg5) 41. Rh1 {[%cal Bb1h1,Bh1h5,Bh5g5][%mdl 32]} Be6 42. Raa1 {[%cal Oh1h6,Ba2a1,Ba1f1,Bf1h1][%mdl 32] Strongly threatening Rxh6!} Rh8 {[#]} 43. Nxb6 $1 {[%mdl 512]} Ra7 (43... Qxb6 $2 44. Bxa8 Qd8 45. Qxe5+ Qf6 46. Qc7+ Qf7 47. Qxc5 Rxa8 48. Qe5+ Qf6 49. Qxf6+ Kxf6 50. Rxh6+ $18) 44. Nd5 {Really sharp!} Rf7 (44... Qg5 {was necessary.} 45. Qb2 Kf7) 45. Rh5 Rhf8 (45... Bg5 $142) 46. Rf1 {aiming for Rfh1.} Bg5 47. Qb2 Bxd5 (47... Rf5 $18 48. Qe2 R5f7 49. Rh7+ Kg8) 48. Qxe5+ {White mates.} Bf6 49. Rg5+ $1 Kh6 50. Rh1# {Weighted Error Value: White=0.21 (precise) /Black=0.50} 1-0

[Event "Spring Chess Classic-A 2022"]
[Site "Saint Louis"]
[Date "2022.03.10"]
[Round "9.9"]
[White "Hakobyan, Aram"]
[Black "Niemann, Hans Moke"]
[Result "1-0"]
[WhiteElo "2601"]
[BlackElo "2642"]
[Annotator "TA"]
[PlyCount "91"]
[EventDate "2022.03.02"]
[EventType "tourn"]
[EventCountry "USA"]
[SourceTitle "playchess.com"]
[Source "ChessBase"]
[SourceQuality "1"]

{[%evp 17,91,61,66,67,67,56,72,67,77,69,72,75,79,105,87,83,132,134,133,119,116,95,133,151,152,160,182,158,158,150,135,102,110,118,202,206,172,182,201,216,303,295,304,293,346,368,391,337,321,337,323,331,480,474,470,453,522,522,494,0,159,0,439,429,830,828,783,783,900,885,1251,1229,1206,1187,1058,797]} 1. e4 {Atlas,V} c5 2. Nf3 d6 3. Bb5+ Nd7 4. O-O a6 5. Bxd7+ Bxd7 6. d4 cxd4 7. Qxd4 Nf6 8. Bg5 h6 9. Bxf6 gxf6 10. c4 {B51: Sicilian: Moscow Variation (3 Bb5+) without 3...Bd7.} Rc8 11. Nc3 e6 12. a4 {[#] White is better.} Be7 $146 ({Predecessor:} 12... h5 13. b4 h4 14. h3 Rh5 15. Rfe1 Be7 16. Re3 Qc7 17. Nd2 Kf8 18. Rb1 Kg8 {0-1 (80) Ovetchkin,R (2475)-Paragua,M (2529) Alushta 2004 CBM 103 [Atlas,V]}) 13. b4 {[%cal Bb2b4,Bb4b5][%mdl 32]} a5 14. b5 Qc7 15. Nd2 Qc5 16. Qd3 Bd8 (16... Rg8 $142) 17. e5 $16 f5 {Inhibits Nce4.} 18. exd6 ({Don't take} 18. Qxd6 $6 Qxd6 19. exd6 Bb6 $14) 18... Bf6 19. Rad1 Bg7 20. Ne2 {[%cal Bc3e2,Be2f4,Bf4h5][%mdl 32]} O-O 21. Nf4 Kh7 22. Nh5 {Pair of Knights!} Bh8 23. Qg3 Qd4 {Inhibits Qh4.} 24. Qf3 b6 25. Rfe1 Rcd8 {[#]} (25... e5 $16) 26. Qf4 $1 $18 Qxf4 27. Nxf4 Bc3 28. Re3 Bb4 (28... Bh8 {keeps fighting.} 29. Nb3 Rc8) 29. Nf3 Bc5 30. Re2 Bb4 31. Ne5 Bc3 32. Re3 Bxe5 33. Rxe5 Rc8 34. c5 bxc5 (34... Rfd8 {was necessary.} 35. cxb6 Rb8) 35. Nd3 c4 36. Nc5 Rfd8 {[#]} 37. Nb7 $1 {[%csl LRa5,LRd8]} Rg8 38. Nc5 $2 (38. Rc5 $18 {and White stays clearly on top.}) 38... Rgd8 $1 $16 {And now ...f6 would win.} 39. Nb7 $2 {White is much more active.} (39. Na6 $16) 39... Rg8 $1 $18 40. Rc5 {White is clearly winning.} c3 (40... Rxc5 $142 41. Nxc5 Rd8) 41. Rc7 Rg4 42. f4 (42. Rxd7 c2 43. Rxf7+ Kg6 $17) 42... c2 43. Rc1 Rxc7 44. dxc7 Rxf4 45. Rxc2 Rxa4 46. Nc5 {Weighted Error Value: White=0.19 (very precise) /Black=0.17 (very precise)} 1-0

[Event "Spring Chess Classic-A 2022"]
[Site "Saint Louis"]
[Date "2022.03.10"]
[Round "9.10"]
[White "Robson, Ray"]
[Black "Nyzhnyk, Illya"]
[Result "1/2-1/2"]
[WhiteElo "2676"]
[BlackElo "2674"]
[Annotator "TA"]
[PlyCount "72"]
[EventDate "2022.03.02"]
[EventType "tourn"]
[EventCountry "USA"]
[SourceTitle "playchess.com"]
[Source "ChessBase"]
[SourceQuality "1"]

{[%evp 9,72,0,0,0,0,0,0,0,0,0,0,-83,-71,-145,-142,-143,-150,-135,0,-93,-113,-103,-103,-131,-127,-131,0,0,0,0,0,0,0,0,0,0,3,-2,-4,-2,0,0,5,0,0,0,0,0,0,0,0,0,0,0,0,0,0,0,0,0,0,0,0,0,0]} 1. e4 e5 2. Nf3 Nf6 {[%cal Bg8f6,Bf6e4,Be4f2][%mdl 32]} 3. d4 Nxe4 4. dxe5 Bc5 5. Bc4 Nxf2 (5... Bxf2+ $2 6. Kf1 $16) 6. Bxf7+ $1 {[%mdl 64] Decoy. C43: Petroff Defence: 3 d4.} Kxf7 {The main line 6...Kxf7 scores better than 6...Kf8.} 7. Qd5+ Kg6 8. Qxc5 Nxh1 9. Nc3 {Hoping for Nd5.} h6 {[#] Strongly threatening ...Kh7.} (9... d5 10. Nxd5 h6 11. Qc4 $16) 10. Qd4 $146 (10. Qc4 $11) ({Predecessor:} 10. Qc4 Kh7 11. Nd5 Re8 12. Bxh6 gxh6 13. O-O-O Re6 14. Nxc7 d5 15. exd6 Nf2 16. Nxe6 Bxe6 17. Qxe6 Nxd1 {½-½ (23) Motylev,A (2624)-Esipenko,A (2720) Ufa 2021}) 10... d6 $1 $17 11. Nd5 ({Better is} 11. Be3) 11... Nc6 12. Qe4+ Kf7 13. Be3 Re8 (13... dxe5 $1 $17 {And now ...Rf8 would win.} 14. O-O-O Be6 $1) 14. Bxh6 Rxe5 (14... gxh6 $2 15. Qh7+ Kf8 16. O-O-O $18) ({But not} 14... Nxe5 15. Ng5+ Qxg5 16. Bxg5 Nd3+ 17. cxd3 $16) 15. Nxe5+ Nxe5 ({Reject} 15... dxe5 $6 16. O-O-O Nf2 17. Qf3+ Kg8 18. Qxf2 $11) 16. O-O-O {Threatens to win with Qh7.} Nf2 17. Rf1 {[#]} Qf6 {[%mdl 512]} 18. Nxf6 $11 {Chess con chili. The position is equal.} Nxe4 19. Nxe4+ Kg8 20. Bf4 Ng6 21. Ng5 Bd7 22. Be3 b6 23. Bd4 Rf8 {Inhibits Rf7.} 24. Rxf8+ Nxf8 {[%mdl 4096] Endgame KBN-KBN} 25. Kd2 Ne6 26. Nxe6 Bxe6 {KB-KB} 27. a3 Kf7 28. h4 Bf5 29. c3 c5 30. Be3 Ke6 31. Bf4 Be4 32. g3 Bf3 33. Ke3 Bd1 34. Kd2 Bf3 35. Ke3 Bd1 36. Kd2 Bf3 {Weighted Error Value: White=0.12 (very precise) /Black=0.10 (very precise)} 1/2-1/2